000 02047nam0a2200409 4500
001 RU\NLR\bibl\1506693
005 20260405201825.0
010 _a978-5-904446-02-04
_9100
021 _aRU
_b2010-17978
_91205
035 _a(nilc)RSL-KNO-004594919
035 _a(LIBNET)LIBNET\0000008900
035 _aLIBNET\0000008900
035 _a(NLR Aleph) 001498112
090 _a1789585
_c1789585
100 _a20100216d2009 |||y0rusy50 ca
101 0 _arus
102 _aRU
105 _aa zzzz|||||
200 1 _aУправление персоналом
_eучебно-методическое пособие
_fВ. А. Петров, О. Г. Селивоненко
_gГос. образовательное учреждение высш. проф. образования "Орловская региональная акад. гос. службы"
210 _aОрел
_cАПЛИТ
_d2009
215 _a123 с.
_cтабл.
_d21
320 _aБиблиогр.: с. 119 (14 назв.)
606 1 _aКадры
_jУчебно-методические пособия для высших учебных заведений
_xУправление
_yРоссийская Федерация
_92081423
_3RU\NLR\auth\661257403
610 0 _aСоциология -- Социальные институты -- Социология труда, профессий и занятий -- Учебно-методическое пособие
686 _aС555.44я73-14
_2rubbk
686 _a65.291.6-21я73
_vLBC/RL
_2rubbk
686 _aУ21(2)0-21я73
700 1 _4070
_7ca
_8rus
_aПетров
_bВ. А.
_cэкономист
_gВладимир Александрович
_972285
_3RU\NLR\auth\7789357
701 1 _aСеливоненко
_bО. Г.
_gОльга Герасимовна
_4070
801 0 _aRU
_bОрловская ОПБ
_c20100216
_grcr
801 1 _aRU
_bОрловская ОПБ
_c20100216
801 1 _aRU
_bРГБ
_c20100216
801 2 _aRU
_bNLR
_c20100430
_grcr
830 _aавт. по кн.
942 _cBOOK
980 _aNB